Carved stones (Record no. 104439)

MARC details
000 -LEADER
fixed length control field 01312cam a2200265 4500
001 - CONTROL NUMBER
control field E130363
008 - FIXED-LENGTH DATA ELEMENTS--GENERAL INFORMATION
fixed length control field 000000n2005 000 0 eng u
020 ## - INTERNATIONAL STANDARD BOOK NUMBER
International Standard Book Number 1904966136
035 ## - SYSTEM CONTROL NUMBER
System control number (Sirsi) u130363
041 ## - LANGUAGE CODE
Language code of text/sound track or separate title eng
050 ## - LIBRARY OF CONGRESS CALL NUMBER
Classification number 690.24
-- 22
110 ## - MAIN ENTRY--CORPORATE NAME
Corporate name or jurisdiction name as entry element Historic Scotland
9 (RLIN) 2914
245 ## - TITLE STATEMENT
Title Carved stones
Remainder of title Scottish Executive policy and guidance
260 ## - PUBLICATION, DISTRIBUTION, ETC.
Place of publication, distribution, etc. Edinburgh
Name of publisher, distributor, etc. Historic Scotland
Date of publication, distribution, etc. 2005
300 ## - PHYSICAL DESCRIPTION
Extent 42p.
Other physical details ill.
Dimensions 30cm.
350 ## - PRICE (NR) (BK AM CF MU VM SE) [OBSOLETE]
Price 0
520 ## - SUMMARY, ETC.
Summary, etc. Scotland possesses an extraordinary variety of carved stone that have been produced over 5,000 years or more, and from which we can learn much about the lives of the people who lived here over that period. Such a rich and varied resource is an important cultural asset. Includes guidance on the main categories of carved stones that are found in Scotland, they include: Prehistoric rock carvings; Early medieval sculpture; Architectural sculpture; Graveyards and gravestones; Contacts; Sources of funding.
590 ## - LOCAL NOTE (RLIN)
Local note IKA020805
650 ## - SUBJECT ADDED ENTRY--TOPICAL TERM
Topical term or geographic name entry element CARVED STONES
650 ## - SUBJECT ADDED ENTRY--TOPICAL TERM
Topical term or geographic name entry element HISTORIC SCOTLAND
650 ## - SUBJECT ADDED ENTRY--TOPICAL TERM
Topical term or geographic name entry element SCOTLAND
690 ## - LOCAL SUBJECT ADDED ENTRY--TOPICAL TERM (OCLC, RLIN)
Topical term or geographic name as entry element BUILT ENVIRONMENT-BUILDING MATERIALS-STONE
856 ## - ELECTRONIC LOCATION AND ACCESS
Uniform Resource Identifier <a href="https://www.historic-scotland.gov.uk/carvedstones">https://www.historic-scotland.gov.uk/carvedstones</a>
Public note View the item free of charge at www.historic-scotland.gov.uk/carvedstones...
942 ## - ADDED ENTRY ELEMENTS (KOHA)
Suppress in OPAC 0
Holdings
Withdrawn status Lost status Source of classification or shelving scheme Damaged status Not for loan Home library Current library Shelving location Date acquired Total Checkouts Full call number Barcode Date last seen Copy number Price effective from Koha item type
    Dewey Decimal Classification     Virtual Virtual Online 05/08/2005   ONLINE PUBLICATION 130363-2001 06/08/2019 1 06/08/2019 Book